Countries that Capital Cities have Belonged To Since 1500 R-Z - Statistics

General Stats
  • This quiz has been taken 39 times
  • The average score is 305 of 387
Answer Stats
Capital City Years Countries Symbol % Correct
Tirana 1991 - Now Albania
100%
Tirana 1928 - 1939 Albanian Kingdom
100%
Tirana 1943 - 1944 Albanian Kingdom
100%
Tirana 1925 - 1928 Albanian Republic
100%
Tokyo 1945 - 1952 Allied-occupation of Japan
100%
Vienna 1453 - 1804 Archduchy of Austria
100%
Yerevan 1991 - Now Armenia
100%
Vienna 1945 - Now Austria
100%
Vienna 1804 - 1867 Austrian Empire
100%
Sarajevo 1878 - 1918 Bosnia and Herzegovina
100%
Washington, D.C. 1662 - 1775 British America
100%
Sri Jayawardenepura Kotte 1796 - 1948 British Ceylon
100%
Yaren 1914 - 1947 British Empire
100%
St George's 1962 - 1967 British Grenada
100%
Roseau 1871 - 1958 British Leeward Islands
100%
St. John's 1671 - 1816 1833 - 1958 British Leeward Islands
100%
Tripoli 1943 - 1951 British Military Administration of Libya
100%
Singapore 1945 - 1946 British Military Administration of Malaya
100%
St George's 1833 - 1958 British Windward Islands
100%
Santo Domingo 1795 - 1809 Capitainerie générale de Santo Domingo
100%
Santiago 1542 - 1810 1814 - 1817 Captaincy General of Chile
100%
San José 1609 - 1821 Captaincy General of Guatemala
100%
San Salvador 1609 - 1821 Captaincy General of Guatemala
100%
Tegucigalpa 1609 - 1821 Captaincy General of Guatemala
100%
Santo Domingo 1492 - 1795 1809 - 1821 Captaincy General of Santo Domingo
100%
Vienna 1867 - 1918 Cisleithania
100%
St. John's 1816 - 1833 Colony of Antigua
100%
St. John's 1962 - 1967 Colony of Antigua
100%
Roseau 1763 - 1871 Colony of Dominica
100%
Suva 1874 - 1970 Colony of Fiji
100%
South Tarawa 1975 - 1979 Colony of Gilbert Islands
100%
Wellington 1788 - 1841 Colony of New South Wales
100%
Wellington 1841 - 1907 Colony of New Zealand
100%
Victoria 1903 - 1976 Colony of Seychelles
100%
Singapore 1946 - 1963 Colony of Singapore / State of Singapore
100%
Warsaw 1815 - 1915 Congress Poland
100%
San José 1948 - Now Costa Rica
100%
Zagreb 1992 - Now Croatia
100%
Valletta 1813 - 1964 Crown Colony of Malta
100%
Singapore 1819 - 1826 Crown Colony of Singapore
100%
Sarajevo 1945 - 1945 Democratic Federal Yugoslavia
100%
Tirana 1944 - 1946 Democratic Government of Albania
100%
St George's 1967 - 1974 British Grenada (Associated State)
100%
St. John's 1967 - 1981 Colony of Antigua (Associated State)
100%
Roseau 1967 - 1978 Dominica (Associated States)
100%
Roseau 1962 - 1967 Dominica
100%
Roseau 1978 - Now Dominica
100%
Tokyo 1868 - 1945 Empire of Japan
100%
Vienna 1934 - 1938 Federal State of Austria
100%
Vienna 1919 - 1934 First Austrian Republic
100%
San José 1848 - 1948 First Costa Rican Republic
100%
San José 1838 - 1847 Free State of Costa Rica
100%
Yaoundé 1916 - 1960 French Cameroun
100%
Roseau 1715 - 1763 French Empire
100%
St George's 1649 - 1763 French Grenada
100%
Yamoussoukro 1893 - 1958 French Ivory Coast
100%
Valletta 1798 - 1800 French occupation of Malta
100%
Vientiane 1893 - 1953 French Protectorate of Laos
100%
Tunis 1881 - 1956 French protectorate of Tunisia
100%
Warsaw 1939 - 1945 General Government
100%
Warsaw 1915 - 1918 General Governorate of Warsaw
100%
Riga 1914 - 1918 German Empire
100%
Tallinn 1918 - 1918 German Empire
100%
Yaoundé 1884 - 1916 German Kamerun
100%
Yaren 1888 - 1914 German New Guinea
100%
Windhoek 1884 - 1915 German South West Africa
100%
South Tarawa 1892 - 1975 Gilbert and Ellice Islands Colony
100%
Tallinn 1721 - 1917 Governorate of Estonia
100%
Vilnius 1263 - 1569 Grand Duchy of Lithuania
100%
Tirana 1912 - 1914 Independent Albania
100%
Sarajevo 1943 - 1945 Independent State of Croatia
100%
Zagreb 1941 - 1945 Independent State of Croatia
100%
Victoria 1770 - 1810 Isle of Seychelles
100%
Tripoli 1911 - 1943 Italian Libya
100%
Tirana 1939 - 1943 Italian protectorate of Albania
100%
Rome 1943 - 1945 Italian Social Republic
100%
Rome 1946 - Now Italy
100%
Tokyo 1952 - Now Japan
100%
Taipei 1895 - 1945 Japanese Empire
100%
Yaren 1942 - 1945 Japanese Empire
100%
Seoul 1910 - 1945 Japanese Korea
100%
Zagreb 1102 - 1526 Kingdom of Croatia
100%
Zagreb 1526 - 1804 Kingdom of Croatia
100%
Zagreb 1804 - 1867 Kingdom of Croatia
100%
Zagreb 1867 - 1918 Kingdom of Croatia-Slavonia
100%
Rome 1870 - 1946 Kingdom of Italy
100%
Vatican City 1870 - 1929 Kingdom of Italy
100%
Vilnius 1918 - 1918 Kingdom of Lithuania
100%
Vientiane 1945 - 1945 Kingdom of Luang Prabang
100%
Skopje 1912 - 1915 Kingdom of Serbia
100%
Tirana 1913 - 1913 Kingdom of Serbia
100%
Sarajevo 1918 - 1929 Kingdom of Serbs, Croats and Slovenes
100%
Skopje 1918 - 1929 Kingdom of Serbs, Croats and Slovenes
100%
Zagreb 1918 - 1929 Kingdom of Serbs, Croats and Slovenes
100%
Sarajevo 1929 - 1943 Kingdom of Yugoslavia
100%
Skopje 1929 - 1941 Kingdom of Yugoslavia
100%
Zagreb 1929 - 1941 Kingdom of Yugoslavia
100%
Riga 1918 - 1940 Latvia
100%
Riga 1991 - Now Latvia
100%
Vilnius 1990 - Now Lithuania
100%
Vilnius 1812 - 1812 Lithuanian Provisional Governing Commission
100%
Valletta 1800 - 1813 Malta Protectorate
100%
Warsaw 1939 - 1939 Military Administration in Poland
100%
Skopje 1941 - 1941 Nazi Germany
100%
Vienna 1938 - 1945 Nazi Germany
100%
Vilnius 1914 - 1918 Ober Ost
100%
Tirana 1946 - 1976 People's Republic of Albania
100%
Tirana 1976 - 1991 People's Socialist Republic of Albania
100%
Riga 1583 - 1621 Polish–Lithuanian Commonwealth
100%
Vilnius 1569 - 1795 Polish–Lithuanian Commonwealth
100%
Warsaw 1569 - 1795 Polish–Lithuanian Commonwealth
100%
Tirana 1914 - 1925 Principality of Albania
100%
Santo Domingo 1861 - 1865 Province of Santo Domingo
100%
Sofia 1877 - 1879 Provisional Russian Administration in Bulgaria
100%
Sucre 1559 - 1776 Real Audiencia de Charcas
100%
San José 1543 - 1609 Real Audiencia of Guatemala
100%
San Salvador 1543 - 1609 Real Audiencia of Guatemala
100%
Tegucigalpa 1578 - 1609 Real Audiencia of Guatemala
100%
Riga 1941 - 1945 Reichskommissariat Ostland
100%
Tallinn 1941 - 1944 Reichskommissariat Ostland
100%
Vilnius 1941 - 1945 Reichskommissariat Ostland
100%
Yerevan 1918 - 1920 Republic of Armenia
100%
Vienna 1918 - 1919 Republic of German-Austria
100%
Yamoussoukro 1958 - 1960 Republic of Ivory Coast
100%
Vilnius 1918 - 1940 Republic of Lithuania
100%
Santo Domingo 1821 - 1822 Republic of Spanish Haiti
100%
Riga 1721 - 1914 Russian Empire
100%
Tashkent 1865 - 1917 Russian Empire
100%
Tbilisi 1801 - 1917 Russian Empire
100%
Vilnius 1795 - 1914 Russian Empire
100%
Yerevan 1828 - 1917 Russian Empire
100%
Tallinn 1917 - 1917 Russian Republic
100%
Tashkent 1917 - 1917 Russian Republic
100%
Tbilisi 1917 - 1917 Russian Republic
100%
Yerevan 1917 - 1917 Russian Republic
100%
Victoria 1810 - 1903 Semi-Independent Seychelles with French and (Primarily) British Oversight
100%
Sarajevo 1945 - 1992 Socialist Federal Republic of Yugoslavia
100%
Zagreb 1945 - 1992 Socialist Federal Republic of Yugoslavia
100%
Sucre 1538 - 1559 Spanish Empire
100%
Taipei 1626 - 1642 Spanish Formosa
100%
Singapore 1826 - 1942 Straits Settlements
100%
Singapore 1942 - 1945 Syonan Island
100%
Taipei 1945 - Now Taiwan
100%
Yaren 1947 - 1968 Trust Territory of Nauru
100%
Riga 1710 - 1721 Tsardom of Russia
100%
Tallinn 1710 - 1721 Tsardom of Russia
100%
Tunis 1957 - Now Tunisia
100%
Sucre 1825 - 1825 Upper Peru
100%
Tashkent 1991 - Now Uzbekistan
100%
Sucre 1776 - 1825 Viceroyalty of the Río de la Plata
100%
Roseau 1958 - 1962 West Indies Federation
100%
St George's 1958 - 1962 West Indies Federation
100%
St. John's 1958 - 1962 West Indies Federation
100%
Yerevan 1936 - 1990 Armenian Soviet Socialist Republic
97%
Ulaanbaatar 1911 - 1919 1921 - 1921 Bogd Khanate of Mongolia
97%
Sucre 2010 - Now Bolivia
97%
Sarajevo 1995 - Now Bosnia and Herzegovina
97%
Sofia 1990 - Now Bulgaria
97%
Windhoek ? - 1884 Damara / Herero / Nama / San
97%
Riyadh 1773 - 1818 Emirate of Diriyah
97%
Tallinn 1991 - Now Estonia
97%
Tallinn 1940 - 1941 1944 - 1991 Estonian Soviet Socialist Republic
97%
Santiago 1973 - 1990 Government Junta of Chile
97%
Santiago 1810 - 1814 Kingdom of Chile
97%
Warsaw 1385 - 1569 Kingdom of Poland
97%
Warsaw 1917 - 1918 Kingdom of Poland
97%
Stockholm 1000 - 1814 Kingdom of Sweden
97%
Tunis 1956 - 1957 Kingdom of Tunisia
97%
Riga 1940 - 1991 Latvian Soviet Socialist Republic
97%
Vilnius 1940 - 1990 Lithuanian Soviet Socialist Republic
97%
San José 1822 - 1823 Mexican Empire
97%
San Salvador 1822 - 1823 Mexican Empire
97%
Tegucigalpa 1822 - 1823 Mexican Empire
97%
Ulaanbaatar 1992 - Now Mongolia
97%
Ulaanbaatar 1924 - 1992 Mongolian People's Republic
97%
Windhoek 1990 - Now Namibia
97%
São Tomé 1951 - 1975 Overseas Province of São Tomé and Príncipe
97%
Sofia 1946 - 1990 People's Republic of Bulgaria
97%
Sucre 1836 - 1839 Peru–Bolivian Confederation
97%
Warsaw 1989 - Now Poland
97%
Warsaw 1831 - 1831 Polish National Government
97%
Warsaw 1947 - 1989 Polish People's Republic
97%
Sri Jayawardenepura Kotte 1594 - 1658 Portuguese Ceylon
97%
São Tomé 1470 - 1752 Portuguese São Tomé and Príncipe
97%
São Tomé 1752 - 1951 Portuguese São Tomé and Príncipe
97%
Sofia 1878 - 1908 Principality of Bulgaria
97%
Warsaw 1945 - 1947 Provisional Government of National Unity
97%
Warsaw 1945 - 1945 Provisional Government of the Republic of Poland
97%
Ulaanbaatar 1921 - 1924 Provisional Mongolian People's Government / Bolsheviks
97%
Sucre 1825 - 1825 Republic of Bolívar
97%
Sucre 1825 - 1836 Republic of Bolivia
97%
Sucre 1839 - 1879 Republic of Bolivia
97%
Sucre 1880 - 1899 Republic of Bolivia
97%
Sucre 1899 - 1920 Republic of Bolivia
97%
Sucre 1920 - 1936 Republic of Bolivia
97%
Sucre 1936 - 1952 Republic of Bolivia
97%
Sucre 1952 - 1964 Republic of Bolivia
97%
Sucre 1964 - 1982 Republic of Bolivia
97%
Sucre 1982 - 2010 Republic of Bolivia
97%
Sarajevo 1992 - 1995 Republic of Bosnia and Herzegovina
97%
Santiago 1817 - 1823 Republic of Chile
97%
Santiago 1823 - 1830 Republic of Chile
97%
Santiago 1831 - 1973 Republic of Chile
97%
Santiago 1990 - Now Republic of Chile
97%
Tallinn 1918 - 1940 1944 - 1944 Republic of Estonia
97%
Warsaw 1918 - 1939 Second Polish Republic
97%
Santiago 1924 - 1925 September Junta
97%
Stockholm 1905 - Now Sweden
97%
Riga 1621 - 1710 Swedish Empire
97%
Tallinn 1561 - 1710 Swedish Empire
97%
Tbilisi 1922 - 1936 Transcaucasian SFSR
97%
Yerevan 1922 - 1936 Transcaucasian SFSR
97%
Skopje 1915 - 1918 1941 - 1944 Tsardom of Bulgaria
97%
Sofia 1908 - 1946 Tsardom of Bulgaria
97%
Stockholm 1814 - 1905 United Kingdoms of Sweden and Norway
97%
Seoul 1945 - 1948 United States Army Military Government in Korea
97%
Washington, D.C. 1776 - 1789 United States of America
97%
Washington, D.C. 1789 - Now United States of America
97%
Tashkent 1924 - 1991 Uzbek Soviet Socialist Republic
97%
Wellington 1947 - Now Aotearoa / New Zealand
94%
Thimphu 1616 - Now Bhutan
94%
Yamoussoukro 1986 - Now Côte d'Ivoire
94%
Tbilisi 1918 - 1921 Democratic Republic of Georgia
94%
Suva 1970 - 1987 Dominion of Fiji
94%
Wellington 1907 - 1947 Dominion of New Zealand
94%
Tbilisi 1991 - Now Georgia
94%
Tripoli 1977 - 2011 Great Socialist People's Libyan Arab Jamahiriya
94%
Tehran 1979 - Now Iran
94%
Suva 1871 - 1874 Kingdom of Fiji
94%
Vientiane 1953 - 1975 Kingdom of Laos
94%
Tripoli 1951 - 1969 Kingdom of Libya
94%
Vientiane 1945 - 1946 Lao Issara
94%
Vientiane 1975 - Now Laos
94%
Tripoli 2011 - Now Libya
94%
Tripoli 1969 - 1977 Libyan Arab Republic
94%
Sana'a 1918 - 1962 Mutawakkilite Kingdom of Yemen
94%
San Marino 1944 - 1944 Nazi Germany
94%
Tehran 1925 - 1979 Pahlavi Iran
94%
Yamoussoukro 1960 - 1986 Republic of Ivory Coast
94%
San Marino 301 - Now San Marino
94%
Sri Jayawardenepura Kotte 1972 - Now Sri Lanka
94%
Vatican City 1929 - Now Vatican City
94%
Sana'a 1990 - 2015 Yemen
94%
Sana'a 2015 - Now Yemen / Ansar Allah
94%
Sana'a 1962 - 1990 Yemen Arab Republic
94%
Yaoundé 1984 - Now Cameroon
90%
Skopje 1944 - 1991 Democratic Federal Macedonia
90%
Yaoundé 1961 - 1972 Federal Republic of Cameroon
90%
Suva 1987 - Now Fiji
90%
St George's 1974 - Now Grenada
90%
Tegucigalpa 1838 - Now Honduras
90%
Seoul 1897 - 1910 Korean Empire
90%
Vaduz 1719 - Now Liechtenstein
90%
Valletta 1974 - Now Malta
90%
Skopje 2019 - Now North Macedonia
90%
Seoul 1945 - 1946 People's Republic of Korea
90%
Ulaanbaatar 1919 - 1921 Republic of China (Beiyang)
90%
Riyadh 1932 - Now Saudi Arabia
90%
Singapore 1965 - Now Singapore
90%
Tbilisi 1936 - 1991 Soviet Union
90%
Valletta 1964 - 1974 State of Malta
90%
Singapore 1963 - 1965 State of Singapore
90%
Yaoundé 1972 - 1984 United Republic of Cameroon
90%
Tunis 1574 - 1881 Eyalet of Tunis / Beylik of Tunis
87%
Santo Domingo 1844 - 1861 Dominican Republic
87%
Santo Domingo 1865 - Now Dominican Republic
87%
Skopje 1991 - 2019 Macedonia
87%
Riyadh 1818 - 1820 Mu'ammarid Imamate
87%
Yaren 1000 BC - 1888 Nauru
87%
Yaren 1968 - Now Nauru
87%
Sana'a 1547 - 1567 1583 - 1628 1873 - 1918 Ottoman Empire
87%
Sarajevo 1463 - 1878 Ottoman Empire
87%
Skopje 1395 - 1912 Ottoman Empire
87%
Sofia 1396 - 1878 Ottoman Empire
87%
Tirana 1479 - 1912 Ottoman Empire
87%
Tripoli 1551 - 1911 Ottoman Tripolitania
87%
Victoria 1991 - Now Seychelles
87%
Seoul 1948 - Now South Korea
87%
St. John's 1981 - Now Antigua and Barbuda
84%
San Salvador 1841 - Now El Salvador
84%
Victoria 1976 - 1977 First Republic of Seychelles
84%
South Tarawa 1979 - Now Kiribati
84%
São Tomé 1975 - Now São Tomé and Príncipe
84%
Victoria 1977 - 1991 Second Republic of Seychelles
84%
Sri Jayawardenepura Kotte 1658 - 1796 Dutch Ceylon
77%
Taipei 1642 - 1668 Dutch Formosa
77%
Santo Domingo 1822 - 1844 Republic of Haiti
77%
St George's 1763 - 1833 British Grenada
74%
St. John's 1632 - 1671 British West Indies
74%
Rome 756 - 1870 Papal States
74%
San Marino 1503 - 1503 1739 - 1740 Papal States
74%
Vatican City 754 - 1870 Papal States
74%
Warsaw 1795 - 1807 Kingdom of Prussia
71%
Windhoek 1915 - 1990 South West Africa
71%
Sri Jayawardenepura Kotte 1948 - 1972 Dominion of Ceylon
68%
San José 1823 - 1838 Federal Republic of Central America
68%
San Salvador 1823 - 1841 Federal Republic of Central America
68%
Tegucigalpa 1823 - 1838 Federal Republic of Central America
68%
Tallinn 1917 - 1918 Russian Soviet Republic
65%
Riyadh 1836 - 1902 Emirate of Jabal Shammar
61%
Taipei 1683 - 1895 Great Qing
61%
Ulaanbaatar 1696 - 1911 Great Qing
61%
Santiago 1438 - 1542 Inca Empire
58%
Sucre 1477 - 1538 Inca Empire / Charcas
58%
Tokyo 1603 - 1868 Tokugawa Shogunate
58%
Stockholm 1397 - 1523 Kalmar Union
55%
Taipei 1895 - 1895 Republic of Formosa
52%
Vientiane 1779 - 1893 Rattanakosin Kingdom
48%
Valletta 1130 - 1530 Kingdom of Sicily
45%
Wellington 1320 - 1835 Māori
45%
Wellington 1835 - 1840 United Tribes of New Zealand
45%
Warsaw 1807 - 1815 Duchy of Warsaw
39%
Riyadh 1926 - 1932 Kingdom of Hejaz and Nejd
39%
Riyadh 1820 - 1891 Emirate of Nejd
35%
Riyadh 1913 - 1921 Emirate of Nejd and Hasa
35%
Seoul 1392 - 1897 Joseon
35%
Tashkent 1501 - 1598 Khanate of Bukhara
35%
Yerevan 1796 - 1828 Qajar Dynasty
35%
Tbilisi 1795 - 1801 Qajar Iran
35%
Tehran 1794 - 1925 Qajar Iran
35%
Tehran 1501 - 1736 Safavid Empire
35%
Yerevan 1502 - 1736 Safavid Empire
35%
Riyadh 1921 - 1926 Sultanate of Nejd
35%
Riga 1561 - 1583 Free Imperial City of Riga
32%
Riga 1207 - 1561 Terra Mariana
32%
Tallinn 1207 - 1561 Terra Mariana
32%
Tbilisi 1917 - 1918 Transcaucasian Commissariat
32%
Yerevan 1918 - 1918 Transcaucasian Commissariat
32%
Tbilisi 1918 - 1918 Transcaucasian Democratic Federative Republic
32%
Yerevan 1918 - 1918 Transcaucasian Democratic Federative Republic
32%
Tripoli 1711 - 1832 Karamanli Dynasty
26%
Tehran 1378 - 1501 Aq Qoyunlu
23%
Yerevan 1400s - 1502 Aq Qoyunlu
23%
Sarajevo 1918 - 1918 State of Slovenes, Croats and Serbs
23%
Zagreb 1918 - 1918 State of Slovenes, Croats and Serbs
23%
Tashkent 1336 - 1500 Timurid Empire
23%
Tehran 1736 - 1778 Afsharid Empire
19%
Yerevan 1736 - 1796 Afsharid Empire
19%
Yerevan 1920 - 1922 Armenian Soviet Socialist Republic
19%
Tashkent 1598 - 1784 Kazakh Khanate
19%
Tashkent 1809 - 1865 Khanate of Kokand
19%
Vatican City 1798 - 1799 Roman Republic
19%
Tashkent 1917 - 1924 Turkestan Autonomous Soviet Socialist Republic
19%
Washington, D.C. 1775 - 1776 United Colonies
19%
Riyadh 1746 - 1773 Chieftaincy of Riyadh / Dahham ibn Dawwas
16%
Riyadh 1902 - 1913 Emirate of Riyadh
16%
Singapore 1528 - 1819 Johor Sultanate
16%
St George's ? - 1649 Kalinago
16%
Singapore 1409 - 1528 Malacca Sultanate
16%
Tbilisi 1921 - 1922 Georgian Soviet Socialist Republic
13%
Sri Jayawardenepura Kotte 1371 - 1565 1594 - 1597 Kingdom of Kotte
13%
Ulaanbaatar 1690 - 1696 Dzungar Khanate
10%
Tripoli 1401 - 1551 Hafsid Dynasty
10%
Tunis 1229 - 1574 Hafsid Dynasty
10%
Vientiane 1707 - 1765 Kingdom of Vientiane
10%
Riga 1918 - 1920 Latvian Socialist Soviet Republic
10%
Washington, D.C. 2000 BC - 1662 Piscataway / Nacotchtank / Patawomeck / Doeg
10%
Tashkent 1784 - 1808 Tashkent
10%
Tehran 1778 - 1794 Zand State of Iran
10%
Valletta 1530 - 1798 Hospitaller Malta
6%
Tbilisi 1478 - 1762 Kingdom of Kartli
6%
Vientiane 1353 - 1707 Lan Xang
6%
Tokyo 1524 - 1590 Later Hōjō Clan
6%
Tegucigalpa ? - 1578 Lenca / Jicaque
6%
Tokyo 1590 - 1603 Toyotomi Clan
6%
South Tarawa 200 BC - 1892 Tungaru (Auatubu / Teabike)
6%
Zagreb 1945 - 1945 Democratic Federal Yugoslavia
3%
Thimphu 1300s - 1616 Drukpa Kagyu Chieftaincies
3%
Roseau 1300s - 1715 Kalinago
3%
St. John's 1500 - 1632 Kalinago
3%
Ulaanbaatar 1634 - 1690 Khalkha Mongols
3%
Tbilisi 1762 - 1795 Kingdom of Kartli-Kakheti
3%
Sri Jayawardenepura Kotte 1565 - 1594 Kingdom of Sitawaka
3%
Vientiane 1765 - 1779 Konbaung Empire
3%
San Salvador 700 - 1543 Kuskatan / Pipil
3%
Ulaanbaatar 1478 - 1634 Northern Yuan
3%
Sana'a 1628 - 1849 Qasimid State
3%
Sana'a 1504 - 1504 Tahirid Sultanate
3%
Sana'a 1300s - 1547 1567 - 1583 1849 - 1873 Zaydiyya
3%
Riyadh <500 - 1500s Banu Hanifa / Hajr al-Yamamah
0%
Yamoussoukro 1730 - 1893 Baoulé Kingdom
0%
Yaoundé ? - 1884 Beti / Bassa / Fang / Ewondo / Baka / Fulani
0%
Vaduz 1342 - 1719 County of Vaduz
0%
San José ? - 1543 Huetares
0%
Taipei ? - 1626 1668 - 1683 Ketagalan / Basay
0%
Suva ? - 1871 Rewa / Roko Tui Dreketi
0%
Tokyo 1456 - 1524 Uesugi Clan
0%
No matching quizzes found
Score Distribution
Percent of People with Each Score
Percentile by Number Answered
Your Score History
You have not taken this quiz